[Event "Aspropyrgos op-A 1st"]
[Site "Aspropyrgos"]
[Date "2019.09.18"]
[Round "5"]
[White "Nikolaou, Georgios"]
[Black "Grigoriadis, Mihail"]
[Result "1-0"]
[WhiteElo "2200"]
[BlackElo "2141"]
[PlyCount "69"]
[EventDate "2019.09.14"]
[EventType "swiss"]
[EventRounds "9"]
[EventCountry "GRE"]
[SourceTitle "CBM 195 Extra"]
[Source "ChessBase"]
[SourceDate "2020.05.31"]
[SourceVersion "1"]
[SourceVersionDate "2020.05.31"]
[SourceQuality "1"]

1. d4 Nf6 2. c4 g6 3. Nf3 Bg7 4. g3 0-0 5. Bg2 d6 6. 0-0 Nc6 7. d5 Na5 8. Qa4 b6 9. Re1 Qd7 10. Qc2 Ba6 11. Na3 Ng4 12. h3 Ne5 13. Nxe5 Bxe5 14. Bh6 Rfb8 15. b4 c5 16. bxa5 Bxa1 17. Rxa1 b5 18. cxb5 Bxb5 19. e4 f6 20. Bd2 Ba6 21. Kh2 Rb7 22. Re1 Rf8 23. f4 Rbb8 24. Bc3 Rf7 25. Nb1 Qb5 26. Nd2 Rff8 27. Bf1 c4 28. Nf3 Bc8 29. Nd4 Qc5 30. Nc6 Rb7 31. a6 Rc7 32. Bd4 Qa3 33. Re3 Qxa6 34. Bxc4 Rxc6 35. dxc6+ 1-0

[Event "Athens Chess Square op"]
[Site "Athens"]
[Date "2019.01.06"]
[Round "7"]
[White "Grigoriadis, Mihail"]
[Black "Papaioannou, Dimitrios1111"]
[Result "1-0"]
[WhiteElo "2227"]
[BlackElo "1595"]
[PlyCount "49"]
[EventDate "2019.01.01"]
[EventType "swiss"]
[EventRounds "8"]
[EventCountry "GRE"]
[SourceTitle "CBM 189 Extra"]
[Source "ChessBase"]
[SourceDate "2019.06.03"]
[SourceVersion "1"]
[SourceVersionDate "2019.06.03"]
[SourceQuality "1"]

1. e4 e6 2. d4 d5 3. Nc3 Bb4 4. e5 c5 5. a3 cxd4 6. axb4 dxc3 7. Qg4 cxb2 8. Bxb2 g6 9. Nf3 Ne7 10. Bd3 Bd7 11. Qf4 Ng8 12. b5 h6 13. 0-0 g5 14. Qe3 a6 15. Nd4 Ne7 16. f4 g4 17. f5 Qc8 18. fxe6 Bxe6 19. Nxe6 Qxe6 20. Rf6 Qd7 21. Rxf7 d4 22. Bxd4 Qd8 23. e6 Nd5 24. Bc5 Nxe3 25. Rf8+ 1-0

[Event "Athens Chess Square op"]
[Site "Athens"]
[Date "2019.01.05"]
[Round "5"]
[White "Grigoriadis, Mihail"]
[Black "Kotronias, Vasilios"]
[Result "0-1"]
[WhiteElo "2227"]
[BlackElo "2493"]
[PlyCount "72"]
[EventDate "2019.01.01"]
[EventType "swiss"]
[EventRounds "8"]
[EventCountry "GRE"]
[SourceTitle "CBM 189 Extra"]
[Source "ChessBase"]
[SourceDate "2019.06.03"]
[SourceVersion "1"]
[SourceVersionDate "2019.06.03"]
[SourceQuality "1"]

1. d4 Nf6 2. Nf3 c5 3. e3 g6 4. Be2 Bg7 5. 0-0 0-0 6. c4 cxd4 7. Qxd4 b6 8. Nc3 Bb7 9. Qh4 e6 10. Rd1 Na6 11. Nd4 Nc5 12. b3 h6 13. Ba3 a6 14. Rac1 d6 15. Qh3 Qe7 16. Bf3 Nfe4 17. Nxe4 Nxe4 18. Bxe4 Bxe4 19. Nf3 Rfd8 20. Qg3 e5 21. Rd2 Qe6 22. Rcd1 Rd7 23. Bxd6 Rad8 24. Bb4 a5 25. Bc3 Bxf3 26. Rxd7 Rxd7 27. Rxd7 Qxd7 28. gxf3 Qd6 29. Kh1 Qd3 30. Ba1 Qb1+ 31. Qg1 Qxa2 32. Qd1 Qxf2 33. f4 exf4 34. exf4 Bxa1 35. Qxa1 Qxf4 36. Qd1 Qe4+ 0-1

[Event "Kavala op 27th"]
[Site "Kavala"]
[Date "2018.08.06"]
[Round "2"]
[White "Grigoriadis, Mihail"]
[Black "Magalashvili, Davit"]
[Result "0-1"]
[WhiteElo "2230"]
[BlackElo "2508"]
[PlyCount "68"]
[EventDate "2018.08.05"]
[EventType "swiss"]
[EventRounds "9"]
[EventCountry "GRE"]
[SourceTitle "CBM 186 Extra"]
[Source "ChessBase"]
[SourceDate "2018.08.24"]
[SourceVersion "1"]
[SourceVersionDate "2018.08.24"]
[SourceQuality "1"]

1. e4 c5 2. Nf3 d6 3. d4 cxd4 4. Nxd4 Nf6 5. Nc3 Nc6 6. Bc4 e6 7. Be3 Be7 8. 0-0 a6 9. Qe2 Nxd4 10. Bxd4 b5 11. Bb3 Bb7 12. Rad1 0-0 13. a3 Rc8 14. f4 Qe8 15. e5 dxe5 16. fxe5 Nd7 17. Ne4 Bxe4 18. Qxe4 Nc5 19. Qe3 Nxb3 20. cxb3 b4 21. Rf3 Qc6 22. Rdf1 bxa3 23. bxa3 Bxa3 24. Rg3 Rfd8 25. Qf4 Rd7 26. Be3 Bf8 27. h3 Qd5 28. Rc1 Rxc1+ 29. Bxc1 Rc7 30. Kh2 f5 31. Bd2 Rc2 32. Be3 Qxb3 33. Bc5 Qc4 34. Qe3 Qxc5 0-1

[Event "GRE-chT 46th"]
[Site "Rio Achaia"]
[Date "2018.07.14"]
[Round "6.14"]
[White "Kalofonos, Panayotis"]
[Black "Grigoriadis, Mihail"]
[Result "0-1"]
[WhiteElo "1896"]
[BlackElo "2236"]
[PlyCount "94"]
[EventDate "2018.07.10"]
[EventType "team"]
[EventRounds "7"]
[EventCountry "GRE"]
[SourceTitle "CBM 185 Extra"]
[Source "ChessBase"]
[SourceDate "2018.07.29"]
[SourceVersion "1"]
[SourceVersionDate "2018.07.29"]
[SourceQuality "1"]
[WhiteTeam "You Go You"]
[BlackTeam "3 Stars 89"]
[WhiteTeamCountry "GRE"]
[BlackTeamCountry "GRE"]

1. e4 c5 2. Nf3 Nc6 3. d4 cxd4 4. Nxd4 Nf6 5. Nc3 d6 6. Bg5 g6 7. Bxf6 exf6 8. Bc4 Bg7 9. Ndb5 0-0 10. Qxd6 f5 11. Qxd8 Rxd8 12. 0-0 fxe4 13. Nxe4 Bxb2 14. Rab1 Be5 15. f4 Bd4+ 16. Nxd4 Rxd4 17. Nf6+ Kg7 18. Ne8+ Kf8 19. Nc7 Rb8 20. Bd5 Nb4 21. c3 Nxd5 22. cxd4 Nxc7 23. Rfc1 Nd5 24. g3 Be6 25. a3 Ke7 26. Rc6 Kd7 27. Ra6 Nc3 28. Rb4 bxa6 29. Rxb8 Ne2+ 30. Kf2 Nxd4 31. Rb7+ Kc6 32. Rxa7 Kb6 33. Ra8 Nb5 34. Ke3 Nxa3 35. Rf8 Kc5 36. f5 Nc4+ 37. Kf4 Bxf5 38. Rxf7 h5 39. Rf6 a5 40. h3 a4 41. g4 hxg4 42. h4 Bc2 43. Kxg4 a3 44. Ra6 Kb4 45. Rxa3 Kxa3 46. Kg5 Ne5 47. h5 Nf7+ 0-1

[Event "Thessaloniki Triandria op 11th"]
[Site "Thessaloniki"]
[Date "2018.04.12"]
[Round "5"]
[White "Grigoriadis, Mihail"]
[Black "Petrov, Marian"]
[Result "0-1"]
[WhiteElo "2250"]
[BlackElo "2466"]
[PlyCount "86"]
[EventDate "2018.04.09"]
[EventType "swiss"]
[EventRounds "9"]
[EventCountry "GRE"]
[SourceTitle "CBM 183 Extra"]
[Source "ChessBase"]
[SourceDate "2018.04.19"]
[SourceVersion "1"]
[SourceVersionDate "2018.04.19"]
[SourceQuality "1"]

1. e4 d6 2. Nc3 Nf6 3. d4 g6 4. Bf4 c6 5. Qd2 Qa5 6. 0-0-0 Bg7 7. Nf3 Bg4 8. h3 Bxf3 9. gxf3 Nbd7 10. Bh6 Bxh6 11. Qxh6 Qh5 12. Qe3 b5 13. h4 Nb6 14. Kb1 Rb8 15. b3 b4 16. Ne2 Qa5 17. Ng3 h5 18. f4 e6 19. Rg1 Qa3 20. Qc1 Qxc1+ 21. Kxc1 Ng4 22. f3 Ne3 23. Re1 Nxf1 24. Nxf1 Ke7 25. Rg5 d5 26. f5 gxf5 27. exf5 Rbg8 28. f4 Nd7 29. Ng3 Kd6 30. fxe6 fxe6 31. f5 exf5 32. Nxf5+ Kc7 33. Re7 Rxg5 34. hxg5 Rg8 35. Rg7 Rxg7 36. Nxg7 h4 37. Nf5 h3 38. Kd2 h2 39. Ng3 Nf8 40. Ke3 Ne6 41. g6 Kd7 42. Kf2 Ke7 43. g7 Kf7 0-1

[Event "Thessaloniki White Tower op 40th"]
[Site "Thessaloniki"]
[Date "2018.01.03"]
[Round "2"]
[White "Kourkoulos Arditis, Stamatis"]
[Black "Grigoriadis, Mihail"]
[Result "1-0"]
[WhiteElo "2375"]
[BlackElo "2200"]
[PlyCount "51"]
[EventDate "2018.01.02"]
[EventType "swiss"]
[EventRounds "9"]
[EventCountry "GRE"]
[SourceTitle "CBM 182 Extra"]
[Source "ChessBase"]
[SourceDate "2018.02.23"]
[SourceVersion "1"]
[SourceVersionDate "2018.02.23"]
[SourceQuality "1"]

1. d4 Nf6 2. c4 g6 3. Nf3 Bg7 4. g3 d6 5. Bg2 0-0 6. 0-0 c5 7. d5 e6 8. dxe6 Bxe6 9. Ng5 Bxc4 10. Bxb7 Nbd7 11. Bxa8 Qxa8 12. Qxd6 h6 13. Na3 Bxe2 14. Re1 Bg4 15. h3 Bf5 16. g4 Ne4 17. Nxe4 Bxe4 18. Nc4 Nb6 19. Nxb6 axb6 20. a4 f5 21. g5 Kh8 22. Ra3 Bh1 23. Rg3 Re8 24. Rxe8+ Qxe8 25. Kxh1 Qe1+ 26. Kg2 1-0

[Event "Anogia op 5th"]
[Site "Anogia"]
[Date "2016.07.17"]
[Round "7"]
[White "Grigoriadis, Mihail"]
[Black "Bulmaga, Irina"]
[Result "0-1"]
[WhiteElo "2132"]
[BlackElo "2383"]
[PlyCount "104"]
[EventDate "2016.07.12"]
[EventType "swiss"]
[EventRounds "9"]
[EventCountry "GRE"]
[SourceTitle "CBM 173 Extra"]
[Source "ChessBase"]
[SourceDate "2016.08.29"]
[SourceVersion "1"]
[SourceVersionDate "2016.08.29"]
[SourceQuality "1"]

1. e4 e6 2. d4 d5 3. Nc3 Nf6 4. Bg5 dxe4 5. Nxe4 Be7 6. Bxf6 gxf6 7. Qd2 f5 8. Ng3 Nd7 9. Nf3 Nf6 10. Ne5 c6 11. Bc4 Nd5 12. Nh5 Bg5 13. f4 Bh4+ 14. g3 Be7 15. Qe2 Rg8 16. 0-0-0 Qa5 17. Rhg1 Bd7 18. g4 fxg4 19. Bxd5 cxd5 20. Rxg4 0-0-0 21. Nxf7 Rxg4 22. Qxg4 Rf8 23. Ne5 Qxa2 24. Nxd7 Kxd7 25. c3 Qa1+ 26. Kc2 Qa4+ 27. Kb1 Rg8 28. Qf3 Rg2 29. Rc1 Rxh2 30. Ng3 Rxb2+ 31. Kxb2 Ba3+ 32. Ka2 Bxc1+ 33. Kb1 Ba3 34. Ka2 Bb4+ 35. Kb2 Qa3+ 36. Kc2 Qa2+ 37. Kc1 Ba3+ 38. Kd1 Qb1+ 39. Ke2 Bd6 40. Kf2 Qc2+ 41. Ne2 b5 42. Qh5 Qg6 43. Qh1 a5 44. c4 bxc4 45. Qa1 Bc7 46. Qa4+ Kd8 47. Qc6 Qe4 48. Qc5 Qf5 49. Kf3 h5 50. Qc6 Qe4+ 51. Kf2 Bxf4 52. Qa8+ Kd7 0-1

[Event "Athens Chess Square op"]
[Site "Athens"]
[Date "2016.05.06"]
[Round "5"]
[White "Grigoriadis, Mihail"]
[Black "Patriarheas, Georgios"]
[Result "1-0"]
[WhiteElo "2126"]
[BlackElo "1996"]
[PlyCount "45"]
[EventDate "2016.05.02"]
[EventType "swiss"]
[EventRounds "7"]
[EventCountry "GRE"]
[SourceTitle "CBM 172 Extra"]
[Source "ChessBase"]
[SourceDate "2016.06.21"]
[SourceVersion "1"]
[SourceVersionDate "2016.06.21"]
[SourceQuality "1"]

1. e4 c5 2. Nf3 Nc6 3. Bb5 g6 4. 0-0 Bg7 5. Nc3 Nf6 6. e5 Ng4 7. Re1 Ngxe5 8. Nxe5 Nxe5 9. d4 cxd4 10. Nd5 0-0 11. Bg5 f6 12. Rxe5 fxg5 13. Rxe7 Bf6 14. Nxf6+ Rxf6 15. Re5 Qb6 16. Qd2 d5 17. Re8+ Kf7 18. Rae1 Be6 19. Rxa8 Qxb5 20. Qxg5 Rf5 21. Qh6 Qb4 22. Qxh7+ Kf6 23. Qh8+ 1-0

[Event "GRE-ch U16"]
[Site "Kavala"]
[Date "2016.01.05"]
[Round "6"]
[White "Grigoriadis, Mihail"]
[Black "Alexiadis, Hristos"]
[Result "0-1"]
[WhiteElo "2256"]
[BlackElo "2253"]
[PlyCount "132"]
[EventDate "2016.01.02"]
[EventType "swiss"]
[EventRounds "9"]
[EventCountry "GRE"]
[SourceTitle "EXT 2024"]
[Source "ChessBase"]
[SourceDate "2023.10.10"]
[SourceVersion "1"]
[SourceVersionDate "2023.10.10"]
[SourceQuality "1"]

1. e4 e5 2. Nc3 Nf6 3. Bc4 Nxe4 4. Nf3 Nc6 5. Nxe4 d5 6. Bd3 Nb4 7. 0-0 Nxd3 8. cxd3 dxe4 9. Qa4+ c6 10. Qxe4 Be7 11. d4 exd4 12. Re1 Kf8 13. d3 Be6 14. Nxd4 Bd5 15. Qe3 Bf6 16. Bd2 b6 17. Bc3 Bxd4 18. Qxd4 Qg5 19. g3 f6 20. Qb4+ c5 21. Qa4 Qf5 22. Re3 Kf7 23. Rae1 Rhd8 24. Re7+ Kf8 25. R1e3 Qh3 26. f3 Bxf3 27. Rxf3 Kxe7 28. Qe4+ Kf7 29. g4 Qh6 30. g5 Qxg5+ 31. Rg3 Qh6 32. Qb7+ Kg8 33. h4 Rf8 34. Bd2 g5 35. hxg5 Qg7 36. Qd5+ Qf7 37. gxf6+ Kh8 38. Qg2 Rg8 39. Bg5 Rae8 40. Qf3 h6 41. Bxh6 Rxg3+ 42. Qxg3 Qxf6 43. Bg5 Qe6 44. Qh4+ Kg8 45. Bd2 Qg6+ 46. Kf2 Qf5+ 47. Qf4 Qxf4+ 48. Bxf4 Kf7 49. Be3 Ke6 50. Ke2 Kd5 51. Kd2 Rg8 52. Bf4 Rg2+ 53. Kc3 b5 54. a3 Rf2 55. Bh6 a5 56. b4 cxb4+ 57. axb4 a4 58. Bg7 Ra2 59. Bf6 Ra3+ 60. Kc2 Ke6 61. Bd4 Kf5 62. Bc5 Rb3 63. Bd6 Kg4 64. Be7 Kf3 65. d4 Ke4 66. Bc5 Rd3 0-1